Statistiques concernant Pays sans littoral d'Europe

Cliquez ici pour prendre le quiz!

Statistiques générales

  • Ce quiz a été pris 165 fois
  • Le résultat moyen est 14 sur 15

Statistiques - réponses

Pays% Correct
Andorre
97%
Suisse
97%
Liechtenstein
96%
Autriche
95%
Hongrie
95%
Kosovo
95%
République tchèque
95%
Serbie
95%
Slovaquie
95%
Luxembourg
94%
Macédoine du Nord
93%
Vatican
93%
Moldavie
90%
Biélorussie
89%
Saint-Marin
89%

Distribution des résultats

Percentile par nombre de réponses

% des personnes avec chaque résultat

Votre développement - résultats

Vous n’avez pas pris ce quiz